El Cardenal Pacheco en las cinco primeras sesiones del Concilio de Trento (Record no. 118838)

MARC details
000 -LEADER
campo de control de longitud fija 00545nam a2200157 i 4500
001 - NÚMERO DE CONTROL
campo de control 118838
003 - IDENTIFICADOR DE NÚMERO DE CONTROL
campo de control ES-MaACL
005 - FECHA Y HORA DE LA ÚLTIMA TRANSACCIÓN
campo de control 20230906191205.0
007 - CAMPO FIJO DE DESCRIPCIÓN FÍSICA--INFORMACIÓN GENERAL
campo de control de longitud fija t|
008 - DATOS DE LONGITUD FIJA--INFORMACIÓN GENERAL
campo de control de longitud fija 070214s1952 sp r ||||1| spa d
100 1# - ENTRADA PRINCIPAL--NOMBRE DE PERSONA
Nombre de persona Pérez Carmona, José.
9 (RLIN) 90706
245 13 - MENCIÓN DEL TÍTULO
Título El Cardenal Pacheco en las cinco primeras sesiones del Concilio de Trento
Resto del título : Lección inaugural del curso académico 1951-1952 /
Mención de responsabilidad, etc. José P. Carmona.
260 ## - PUBLICACIÓN, DISTRIBUCIÓN, ETC.
Lugar de publicación, distribución, etc. Burgos :
Nombre del editor, distribuidor, etc. Seminario Metropolitano,
Fecha de publicación, distribución, etc. [1952?]
300 ## - DESCRIPCIÓN FÍSICA
Extensión 39 p. ;
Dimensiones 24 p.
852 ## - LOCALIZACIÓN
Ubicación ES-MaACL
Número de control de estantería 1935-F-24
Sublocalización o colección R.31833
Holdings
Estatus retirado Estado de pérdida Estado de daño No para préstamo Colección Biblioteca de origen Biblioteca actual Ubicación en estantería Fecha de adquisición Fuente de adquisición Total de préstamos Signatura topográfica completa Código de barras Visto por última vez Precio de reemplazo Tipo de ítem Koha
        Colección de folletos Biblioteca del Ateneo de Madrid Biblioteca del Ateneo de Madrid Depósito folletos 17/01/2008     1935-F-24 1123889 23/02/2023 23/02/2023 Folleto